000 00380 a2200133 4500
001 88097
082 _aPR 336
090 _c41508
_d41508
100 _aBater Haquz
245 _aEvaluation of biplaner overlaping wing configuration for high speed UAV applications
260 _aRisalpur
_bNUST Risalpur
_c2004
300 _av, 75p.
_eJehanzeb Masood
500 _aBE Project Reports
942 _aCAE NUST
_kPR 336
999 _c323170
_d323170